| 000 | 00981nam a2200277 a 4500 | ||
|---|---|---|---|
| 001 | 000014980 | ||
| 003 | DO-SdBNP | ||
| 005 | 20210405130347.0 | ||
| 007 | 000014980 | ||
| 008 | 100128s2005 dr ac 001 0 spa d | ||
| 020 | _a9993439436 | ||
| 040 |
_aBPMSU _bspa _cBPMSU |
||
| 082 | 4 |
_a923.27293 _bG633C _222 |
|
| 100 | 1 | _aCedeño y Pecunia, Marina Altagracia | |
| 245 | 1 | 0 |
_aPeña Gómez : _blíder de multitudes / _cMarina Altagracia Cedeño y Pecunia ; prólogo Domingo Selié Gatón. |
| 260 |
_aSanto Domingo : _bTrinitaria, _c2006. _f |
||
| 300 |
_a166 p. : _bil., retrs. ; _c22 cm. |
||
| 500 | _aIncluye datos biográficos del autor en la solapa de la cubierta. | ||
| 590 | _6Inventariado, 2021/VM | ||
| 600 | 1 | 4 |
_aPeña Gomez, Jose Francisco _d1937-1998 |
| 650 | 4 |
_aPolíticos _zRepública Dominicana _vBiografías |
|
| 650 | 4 |
_aPartidos políticos _zRepública Dominicana |
|
| 700 | 1 |
_aGatón Selié, Domingo, _epról. |
|
| 910 | _aVMateo | ||
| 942 |
_2ddc _cBK |
||
| 999 |
_c8158 _d8158 |
||